Environmental engineering (Record no. 5357)

000 -LEADER
fixed length control field 00678nam a2200241 4500
001 - CONTROL NUMBER
control field 5357
003 - CONTROL NUMBER IDENTIFIER
control field BD-DhUET
008 - FIXED-LENGTH DATA ELEMENTS--GENERAL INFORMATION
fixed length control field 141126b xxu||||| |||| 00| 0 eng d
020 ## - INTERNATIONAL STANDARD BOOK NUMBER
International Standard Book Number 0071002316
040 ## - CATALOGING SOURCE
Transcribing agency 0
Modifying agency BD-DhUET
082 ## - DEWEY DECIMAL CLASSIFICATION NUMBER
Classification number 628
Item number PEA/1985
100 ## - MAIN ENTRY--PERSONAL NAME
Personal name Peavy, Howard S
245 ## - TITLE STATEMENT
Title Environmental engineering
250 ## - EDITION STATEMENT
Edition statement 1st ed.
260 ## - PUBLICATION, DISTRIBUTION, ETC. (IMPRINT)
Place of publication, distribution, etc. New york
Name of publisher, distributor, etc. McGraw-Hill
Date of publication, distribution, etc. 1985
300 ## - PHYSICAL DESCRIPTION
Extent xiv,699 p.+various paging
Other physical details ill.
490 ## - SERIES STATEMENT
Series statement McGraw-Hill series in water resources and environmental engineering
504 ## - BIBLIOGRAPHY, ETC. NOTE
Bibliography, etc Includes bibliographies
650 #0 - SUBJECT ADDED ENTRY--TOPICAL TERM
Topical term or geographic name as entry element Environmental engineering
700 ## - ADDED ENTRY--PERSONAL NAME
Personal name Rowe, Donald R.
700 ## - ADDED ENTRY--PERSONAL NAME
Personal name Tchobanoglous, George
942 ## - ADDED ENTRY ELEMENTS (KOHA)
Koha item type General Book
Holdings
Not for loan Copy number Koha item type Sublocation or collection (holding branch) Piece designation (barcode) Koha issues (times borrowed) Price effective from Damaged status Koha date last borrowed Koha date last seen Koha renewals Withdrawn status Shelving location Koha full call number Source of classification or shelving scheme Lost status Koha normalized classification for sorting Location (home branch) Date acquired
 1General BookCentral Library, BUET8189692014-11-26 2023-12-102024-09-08  Circulation section628/PEA/1985  628PEA1985Central Library, BUET2014-11-26
 2General BookCentral Library, BUET81895102014-11-26 2024-03-162024-06-02  Circulation section628/PEA/1985  628PEA1985Central Library, BUET2014-11-26
 3Reading ItemCentral Library, BUET88788 2015-06-18  2015-06-18  Reading section628/PEA/1985  628_000000000000000_PEA_1985Central Library, BUET2015-06-18
 4Reading ItemCentral Library, BUET87579 2015-06-18  2015-06-18  Reading section628/PEA/1985  628_000000000000000_PEA_1985Central Library, BUET2015-06-18
 5General BookCentral Library, BUET8189422017-10-31 2020-03-162021-11-13  Circulation section628/PEA/1985  628_000000000000000_PEA_1985Central Library, BUET1991-10-28
 ক-৫১Rental ItemCentral Library, BUET81847 2024-12-01  2024-12-01  Rental section628 PEA/1985  628_000000000000000_PEA_1985Central Library, BUET1991-10-28
 ক-৭৮Rental ItemCentral Library, BUET81874 2024-12-01  2024-12-01  Rental section628 PEA/1985  628_000000000000000_PEA_1985Central Library, BUET1991-10-28
 ক-৭৯Rental ItemCentral Library, BUET81875 2024-12-01  2024-12-01  Rental section628 PEA/1985  628_000000000000000_PEA_1985Central Library, BUET1991-10-28
 ক-৮০Rental ItemCentral Library, BUET81876 2024-12-01  2024-12-01  Rental section628 PEA/1985  628_000000000000000_PEA_1985Central Library, BUET1991-10-28
 ক-৮১Rental ItemCentral Library, BUET81877 2024-12-01  2024-12-01  Rental section628 PEA/1985  628_000000000000000_PEA_1985Central Library, BUET1991-10-28
 ক-৮২Rental ItemCentral Library, BUET81878 2024-12-01  2024-12-01  Rental section628 PEA/1985  628_000000000000000_PEA_1985Central Library, BUET1991-10-28
 ক-৮৩Rental ItemCentral Library, BUET81879 2024-12-01  2024-12-01  Rental section628 PEA/1985  628_000000000000000_PEA_1985Central Library, BUET1991-10-28
 ক-৮৪Rental ItemCentral Library, BUET81880 2024-12-01  2024-12-01  Rental section628 PEA/1985  628_000000000000000_PEA_1985Central Library, BUET1991-10-28
 ক-৮৫Rental ItemCentral Library, BUET81881 2024-12-01  2024-12-01  Rental section628 PEA/1985  628_000000000000000_PEA_1985Central Library, BUET1991-10-28
 ক-৮৬Rental ItemCentral Library, BUET81882 2024-12-01  2024-12-01  Rental section628 PEA/1985  628_000000000000000_PEA_1985Central Library, BUET1991-10-28
 ক-৮৭Rental ItemCentral Library, BUET81883 2024-12-01  2024-12-01  Rental section628 PEA/1985  628_000000000000000_PEA_1985Central Library, BUET1991-10-28
 ক-৮৭Rental ItemCentral Library, BUET81884 2024-12-01  2024-12-01  Rental section628 PEA/1985  628_000000000000000_PEA_1985Central Library, BUET1991-10-28